000
00309 a2200157 4500
001
170926
020
_a
040
_c
Magnum
100
_a
Bosmans, Phil
240
1
0
_a
A alegria de viver
_l
por
245
1
0
_a
A alegria de viver
362
0
_a
1899
440
1
_a
Paulinas
697
_a
GERAL
942
_c
BK
999
_c
170926
_d
170926